00602 2200193 4500001002100000005001500021035002000036007000300056008004100059020002200100082001100122084001700133245009600150260003400246300004200280650002200322110004800344990001600392INLIS00000000000017320231013024117 a0010-1023000109ta231013 g 0 ind  a978-602-1520-04-8 a631.58 a631.58 BAD p1 aPertanian Organik Pangan Sehat, Alam Lestari /cBadan Penelitian dan Pengembangan Pertanian aJakarta :bIAARD Press,c2013 avi, 50 hlm, :bilus, ;c19 cm x 23 cm 4aPertanian Organik0 aBadan Penelitian dan Pengembangan Pertanian a00000000188